Szczegóły MARC21

Peter Schlemihls wundersame Geschichte /

003 -Nazwa inst., której nr kontr. jest w polu 001 [,]
    • @
    • Nazwa instytucji, której n kontrolny jest w polu 001
    • NUKAT
005 -DATA I CZAS OSTATNIEJ MODYFIKACJI [,]
    • @
    • pole kontrolne
    • 20241231104552.0
020 -Międzynarod. znormalizowany nr książki - ISBN [ , ]
    • a
    • Numer ISBN
    • 3872910434 Find
040 -Instytucja sporządzająca opis [ , ]
    • a
    • Instytucja, która sporządziła opis (NP)
    • SZCZ U/ML
    • b
    • Język katalogowania
    • pol
    • e
    • Zasady katalogowania
    • rda
    • c
    • Instytucja, która sporządziła rekord (NP)
    • SZCZ U/MLs
    • d
    • Instytucja, która zmodyfikowała rekord (P)
    • SZCZ U/KP
942 -Rodzaj dokumentu [ , ]
    • c
    • Rodzaj dokumentu
    • Książka
100 -Hasło główne - nazwa osobowa [1, ]
    • a
    • Nazwa osobowa (NP)
    • Chamisso, Adelbert von
    • d
    • Daty biograficzne (NP)
    • (1781-1838).
    • e
    • Rodzaj współpracy
    • Autor
    • 9
    • KHW
    • 231923
240 -Tytuł ujednolicony [1,0]
    • a
    • Tytuł ujednolicony
    • Peter Schlemihls wundersame Geschichte
    • l
    • Język tekstu
    • (niem.)
    • 9
    • KHW
    • 402149
245 -Strefa tytułu i oznaczenia odpowiedzialności [1,0]
    • a
    • Tytuł
    • Peter Schlemihls wundersame Geschichte / Find
    • c
    • Pozostałe elementy strefy tytułu i oznaczenia odpowiedzialności (NP)
    • Adelbert von Chamisso.
246 -Wariant tytułu [3,4]
    • a
    • Tytuł (NP)
    • Peter Schlemihl
250 -Strefa wydania [ , ]
    • a
    • Oznaczenie wydania (NP)
    • Ungekürzter Text.
260 -Strefa adresu wydawniczego [ , ]
    • a
    • Miejsce wydania (P)
    • Husum/Nordsee :
    • b
    • Nazwa wydawcy (P)
    • Hamburger Lesehefte Verlag,
    • c
    • Data wydania (P)
    • [po 1973].
300 -Strefa opisu fizycznego [ , ]
    • a
    • Określenie formy książki i/lub objętość (NP)
    • 56 stron ;
    • c
    • Format (NP)
    • 18 cm.
336 -Typ zawartości [ , ]
    • a
    • Termin opisujący typ zawartości
    • Tekst
    • b
    • Kod określający zawartość
    • txt
    • 2
    • Źródło (terminu i kodu)
    • rdacontent
337 -Typ mediów [ , ]
    • a
    • Tryb odtwarzania
    • Bez urządzenia pośredniczącego
    • b
    • Kod typu mediów
    • n
    • 2
    • Źródło (terminu i kodu)
    • rdamedia
338 -Typ/rodzaj nośnika [ , ]
    • a
    • Hasło opisujące typ nośnika
    • Wolumin
    • b
    • Kod typu nośnika
    • nc
    • 2
    • Źródło (terminu i kodu)
    • rdacarrier
490 -Strefa serii i książki wielotomowej - forma nie do wyszukiwania [1, ]
    • a
    • Tytuł (P)
    • Hamburger Leseheft ; Find
    • v
    • Numeracja (P)
    • 44
830 -Hasło dodatkowe serii i opisu książki wielotomowej - tytuł ujednolicony/tytuł [ ,0]
    • a
    • Tytuł ujednolicony/tytuł (NP)
    • Hamburger Leseheft
    • v
    • Oznaczenie tomu (NP)
    • 44
    • 9
    • KHW
    • 401732
500 -Uwaga ogólna [ , ]
    • a
    • Uwaga ogólna (NP)
    • Data wydania na podstawie wystąpienia na stronie redakcyjnej nazwy wydawcy: Husum Druck- und Verlagsgesellschaft (założonego w 1973 roku).
655 -Hasło w funkcji tematu formalnego [ ,7]
    • a
    • Hasło
    • Nowele fantastyczne niemieckie
    • y
    • Określnik chronologiczny
    • 19 w.
    • 2
    • Źródło terminu
    • kaba
    • 9
    • KHW
    • 402119
710 -Hasło dodatkowe - nazwa ciała zbiorowego [2, ]
    • a
    • Nazwa ciała zbiorowego lub nazwa geograficzna jako pierwszy element (NP)
    • Husum Druck- und Verlagsgesellschaft.
    • e
    • Rodzaj współpracy
    • Wydawca
    • 4
    • Kod relacji
    • pbl
    • 9
    • KHW
    • 401902
920 -ISBN [ , ]
    • a
    • ISBN
    • 3-87291-043-4 Find
Lokalizacja Status udost. Numer inwentarzowy Sygnatura
BM-3G.947 
BM-3G.948Germ. Opowiadania niemieckie
BM-3G.949Germ. Opowiadania niemieckie
BM-3G.950Germ. Opowiadania niemieckie
BM-3G.951Germ. Opowiadania niemieckie